[Event "AUT-chT 1999/2000"]
[Site "Fürstenfeld"]
[Date "2000.01.16"]
[Round "8.2"]
[White "Poldauf, Dirk"]
[Black "Lehner, Oliver"]
[Result "1-0"]
[WhiteElo "2460"]
[BlackElo "2401"]
[PlyCount "63"]
[EventDate "2000.01.16"]

1. c4 g6 2. Nc3 Bg7 3. g3 c5 4. Bg2 Nc6 5. a3 e6 6. Rb1 Nge7 7. b4 cxb4 8. axb4
d5 9. cxd5 exd5 10. b5 Ne5 11. d4 Nc4 12. e3 O-O 13. Nge2 Be6 14. O-O Qd7 15.
Ra1 Rfc8 16. Ba3 Nf5 17. Qd3 Bh6 18. e4 Nfd6 19. Bxd6 Nxd6 20. e5 Nc4 21. Ra2
Rc7 22. Rfa1 b6 23. h3 Rd8 24. g4 Qe7 25. f4 Qd7 26. Rf1 f5 27. exf6 Bf7 28. g5
Bf8 29. f5 Re8 30. fxg6 hxg6 31. Bxd5 Kh7 32. Rf4 1-0

[Event "AUT-chT 1999/2000"]
[Site "Fürstenfeld"]
[Date "2000.01.16"]
[Round "8.3"]
[White "Ganaus, Hannes"]
[Black "Wach, Markus"]
[Result "1/2-1/2"]
[WhiteElo "2344"]
[BlackElo "2397"]
[PlyCount "96"]
[EventDate "2000.01.16"]

1. d4 d5 2. c4 c6 3. Nf3 Nf6 4. e3 e6 5. Nc3 Nbd7 6. Qc2 Bd6 7. Bd3 O-O 8. O-O
Re8 9. Bd2 Qe7 10. c5 Bb8 11. e4 e5 12. exd5 cxd5 13. Rfe1 Qd8 14. dxe5 Nxe5
15. Nxe5 Bxe5 16. h3 h6 17. Rad1 Bd7 18. b4 b6 19. Ne2 bxc5 20. bxc5 Ne4 21.
Be3 Qc7 22. Bxe4 dxe4 23. Nc3 Bc6 24. Nd5 Qa5 25. Qd2 Qa3 26. Qe2 Rab8 27. Rd2
Kf8 28. Qc4 Bb5 29. Qc1 Qxc1 30. Rxc1 Bc6 31. g3 g5 32. h4 f6 33. Kg2 Kf7 34.
hxg5 hxg5 35. Rh1 Ke6 36. Nxf6 Red8 37. Rxd8 Rxd8 38. Ng4 Bg7 39. Rh5 Rd5 40.
Kh2 Bb5 41. Rxg5 Rxg5 42. Bxg5 Bc4 43. a4 Bc3 44. c6 Bb3 45. c7 Kd7 46. Nf6+
Bxf6 47. Bxf6 Kxc7 48. a5 Be6 1/2-1/2

[Event "AUT-chT 1999/2000"]
[Site "Fürstenfeld"]
[Date "2000.01.16"]
[Round "8.4"]
[White "Baumegger, Siegfried"]
[Black "Neubauer, Martin"]
[Result "1/2-1/2"]
[WhiteElo "2421"]
[BlackElo "2348"]
[PlyCount "88"]
[EventDate "2000.01.16"]

1. c4 g6 2. Nc3 c5 3. d4 cxd4 4. Qxd4 Nf6 5. Bg5 Nc6 6. Qd2 Bg7 7. Nf3 O-O 8.
g3 d6 9. Rc1 Be6 10. b3 Qa5 11. Bg2 Rfd8 12. O-O Rac8 13. Rfd1 Kf8 14. Ne1 a6
15. Nd3 b5 16. b4 Qb6 17. Nd5 Bxd5 18. cxd5 Nb8 19. Rc2 Rc4 20. Nb2 Rxc2 21.
Qxc2 h6 22. Bxf6 Bxf6 23. Nd3 Nd7 24. Bh3 Ne5 25. Nxe5 Bxe5 26. e3 a5 27. Qc6
Qa7 28. Qxb5 axb4 29. Qxb4 Qxa2 30. Qb1 Qe2 31. Qd3 Qh5 32. Bf1 Ra8 33. Qe2 Qf5
34. Qd3 Qc8 35. Qc4 Qb8 36. Rc1 Qb2 37. Qc2 Qb4 38. Rb1 Qc3 39. Qxc3 Bxc3 40.
Rc1 Bf6 41. Rc2 Ra1 42. Kg2 Rd1 43. Bc4 h5 44. h4 Bg7 1/2-1/2

[Event "AUT-chT 1999/2000"]
[Site "Fürstenfeld"]
[Date "2000.01.16"]
[Round "8.5"]
[White "Neumeier, Klaus"]
[Black "Freitag, Manfred"]
[Result "1/2-1/2"]
[WhiteElo "2272"]
[BlackElo "2373"]
[PlyCount "112"]
[EventDate "2000.01.16"]

1. e4 c5 2. Nc3 Nc6 3. g3 g6 4. Bg2 Bg7 5. d3 d6 6. f4 e6 7. Nf3 Nge7 8. O-O
O-O 9. Be3 b6 10. Bf2 Bb7 11. Qd2 Qd7 12. Rad1 Rad8 13. d4 Qc7 14. Rfe1 d5 15.
e5 Nxd4 16. Nxd4 cxd4 17. Nb5 Qd7 18. Nxd4 Nc6 19. Nxc6 Qxc6 20. Bd4 Rc8 21. c3
Rfd8 22. Qe3 Bf8 23. g4 Qa4 24. a3 Bc5 25. f5 Qe8 26. f6 Ba6 27. h4 Kh8 28. Kf2
Qb5 29. Rd2 Bxd4 30. cxd4 Qa4 31. h5 g5 32. Qxg5 Rg8 33. Qf4 Rc2 34. Bf3 Qb3
35. Bd1 Rxd2+ 36. Qxd2 Qh3 37. Qf4 Qh4+ 38. Qg3 Qg5 39. Qe3 Qh4+ 40. Qg3 Qg5
41. Kg2 Rc8 42. Qe3 Qxe3 43. Rxe3 Rc1 44. Be2 Bxe2 45. Rxe2 h6 46. Rd2 b5 47.
Rd3 Rc2+ 48. Kg3 Rxb2 49. Rc3 b4 50. axb4 Rxb4 51. Rc7 Kg8 52. Rxa7 Rb3+ 53.
Kh4 Rb4 54. Ra8+ Kh7 55. Rf8 Rb7 56. Kg3 Rb3+ 1/2-1/2

[Event "AUT-chT 1999/2000"]
[Site "Fürstenfeld"]
[Date "2000.01.16"]
[Round "8.6"]
[White "Demuth, Markus"]
[Black "Weissenbeck, Manuel"]
[Result "0-1"]
[WhiteElo "2253"]
[BlackElo "2221"]
[PlyCount "72"]
[EventDate "2000.01.16"]

1. e4 c5 2. Nf3 Nc6 3. d4 cxd4 4. Nxd4 Nf6 5. Nc3 e5 6. Ndb5 d6 7. Bg5 a6 8.
Na3 b5 9. Nd5 Be7 10. Nxe7 Nxe7 11. Bxf6 gxf6 12. c4 f5 13. Bd3 Rb8 14. Qd2
fxe4 15. Bxe4 Bf5 16. Bf3 O-O 17. Rd1 Be6 18. Bd5 Bxd5 19. cxd5 Rc8 20. O-O Ng6
21. Nc2 a5 22. g3 f5 23. f4 exf4 24. gxf4 Rc4 25. Nd4 Qb6 26. b3 Rc5 27. Qe3
Rc7 28. Qf2 Rf6 29. Kh1 Qb7 30. Nc6 Rg7 31. Rfe1 a4 32. Nd8 Qa8 33. Ne6 Re7 34.
Qg2 Kh8 35. Rc1 Nh4 36. Qc2 Qxd5+ 0-1

[Event "AUT-chT 1999/2000"]
[Site "Fürstenfeld"]
[Date "2000.01.16"]
[Round "8.1"]
[White "Hracek, Zbynek"]
[Black "Hickl, Joerg"]
[Result "1/2-1/2"]
[WhiteElo "2629"]
[BlackElo "2553"]
[PlyCount "25"]
[EventDate "2000.01.16"]

1. e4 g6 2. d4 d6 3. c4 e5 4. Nf3 Nc6 5. Nc3 Bg4 6. d5 Nd4 7. Be2 Bxf3 8. Bxf3
Bh6 9. Be3 Bxe3 10. fxe3 Nxf3+ 11. Qxf3 h5 12. O-O-O Nh6 13. h3 1/2-1/2

[Event "AUT-chT 1999/2000"]
[Site "Fürstenfeld"]
[Date "2000.01.16"]
[Round "8.2"]
[White "Atlas, Valery"]
[Black "Loeffler, Stefan"]
[Result "0-1"]
[WhiteElo "2465"]
[BlackElo "2412"]
[PlyCount "106"]
[EventDate "2000.01.16"]

1. e4 Nf6 2. e5 Nd5 3. d4 d6 4. c4 Nb6 5. exd6 exd6 6. Nc3 Be7 7. h3 O-O 8. Nf3
c5 9. d5 Bf6 10. Be2 Re8 11. O-O N8d7 12. Be3 Bxc3 13. bxc3 Ne5 14. Nxe5 Rxe5
15. a4 Qh4 16. a5 Nd7 17. Bd2 Re7 18. Re1 Ne5 19. f4 Ng6 20. Bd3 Bxh3 21. Bxg6
Bg4 22. Rxe7 Bxd1 23. Bxf7+ Kh8 24. Rxb7 Qg4 25. Rab1 g6 26. Be3 Rf8 27. R1b2
Qg3 28. Bf2 Qxf4 29. Be6 g5 30. g3 Qc1 31. Rb1 Qd2 32. R7b2 Bc2 33. Rf1 Kg7 34.
Bh3 Kh6 35. Ra2 Qxc3 36. Bg2 Qxc4 37. Raa1 Be4 38. Rac1 Qd3 39. Bxe4 Qxe4 40.
Rcd1 Kh5 41. Rd2 Qb4 42. Re2 Qxa5 43. Re4 Rf6 44. g4+ Kg6 45. Re6 Qa2 46. Rxf6+
Kxf6 47. Bd4+ Ke7 48. Bf6+ Kd7 49. Rf5 h6 50. Bg7 Qe2 51. Rf7+ Ke8 52. Rxa7
Qxg4+ 53. Kh2 h5 0-1

[Event "AUT-chT 1999/2000"]
[Site "Fürstenfeld"]
[Date "2000.01.16"]
[Round "8.3"]
[White "Popovic, Petar"]
[Black "Arnold, Johannes"]
[Result "1-0"]
[WhiteElo "2473"]
[BlackElo "2321"]
[PlyCount "77"]
[EventDate "2000.01.16"]

1. e4 c5 2. Nf3 Nc6 3. d4 cxd4 4. Nxd4 Nf6 5. Nc3 d6 6. g3 g6 7. Nde2 Bg7 8.
Bg2 O-O 9. O-O Rb8 10. a4 a6 11. b3 b5 12. axb5 axb5 13. Bb2 b4 14. Na4 Qc7 15.
Nf4 e6 16. Nd3 Rd8 17. Qe2 Bb7 18. h3 Ba8 19. Rfc1 Qe7 20. Re1 e5 21. Qe3 Qc7
22. Rad1 Re8 23. Qd2 Qa5 24. Kh2 d5 25. exd5 Nxd5 26. Ra1 Qd8 27. Nac5 Rc8 28.
Ra6 Nc3 29. Rxa8 Rxa8 30. Bxc6 e4 31. Bxe8 Qxe8 32. Nxe4 Nxe4 33. Qxb4 Bxb2 34.
Rxe4 Qc6 35. Nxb2 Qxc2 36. Qd4 Qxb3 37. Nd3 h5 38. Nc5 Qf3 39. Nd7 1-0

[Event "AUT-chT 1999/2000"]
[Site "Fürstenfeld"]
[Date "2000.01.16"]
[Round "8.4"]
[White "Gaertner, Guntram"]
[Black "Lau, Ralf"]
[Result "1/2-1/2"]
[WhiteElo "2398"]
[BlackElo "2502"]
[PlyCount "25"]
[EventDate "2000.01.16"]

1. d4 d5 2. c4 e6 3. Nc3 Be7 4. cxd5 exd5 5. Bf4 c6 6. e3 Nd7 7. Bd3 Nf8 8. Nf3
Ng6 9. Bg3 Nf6 10. Nh4 Nxh4 11. Bxh4 O-O 12. Qc2 g6 13. O-O 1/2-1/2

[Event "AUT-chT 1999/2000"]
[Site "Fürstenfeld"]
[Date "2000.01.16"]
[Round "8.5"]
[White "Penz, Harald"]
[Black "Feistenauer, Fred"]
[Result "1/2-1/2"]
[WhiteElo "2403"]
[BlackElo "2278"]
[PlyCount "20"]
[EventDate "2000.01.16"]

1. e4 d5 2. exd5 Nf6 3. d4 Bg4 4. Nf3 Qxd5 5. Be2 Nc6 6. h3 Bxf3 7. Bxf3 Qd7 8.
c3 e5 9. O-O O-O-O 10. Qa4 exd4 1/2-1/2

[Event "AUT-chT 1999/2000"]
[Site "Fürstenfeld"]
[Date "2000.01.16"]
[Round "8.6"]
[White "Amann, Guenter"]
[Black "Bawart, Markus"]
[Result "1/2-1/2"]
[WhiteElo "2246"]
[BlackElo "2395"]
[PlyCount "59"]
[EventDate "2000.01.16"]

1. d4 e6 2. Nf3 c5 3. e4 cxd4 4. Nxd4 Nf6 5. Nc3 Nc6 6. Nxc6 bxc6 7. e5 Nd5 8.
Nxd5 cxd5 9. Bd3 Ba6 10. O-O Bxd3 11. Qxd3 Qc7 12. Re1 Rc8 13. Bd2 Be7 14. Qg3
g6 15. Bh6 f5 16. c3 Kf7 17. Bg5 Qd8 18. Bxe7 Qxe7 19. Rad1 g5 20. Rd4 h5 21.
b3 Rc7 22. c4 dxc4 23. bxc4 Rb8 24. Red1 Rb2 25. h4 g4 26. a4 a5 27. Rd6 Rc2
28. Qe3 Kg6 29. Qb3 R2xc4 30. Rxd7 1/2-1/2

[Event "AUT-chT 1999/2000"]
[Site "Fürstenfeld"]
[Date "2000.01.16"]
[Round "8.1"]
[White "Lanka, Zigurds"]
[Black "Mueller, Karsten"]
[Result "1/2-1/2"]
[WhiteElo "2501"]
[BlackElo "2533"]
[PlyCount "35"]
[EventDate "2000.01.16"]

1. e4 e6 2. d4 d5 3. Nc3 Bb4 4. e5 Ne7 5. a3 Bxc3+ 6. bxc3 b6 7. h4 Ba6 8. Bxa6
Nxa6 9. h5 h6 10. Qg4 Rg8 11. Ne2 Qd7 12. a4 O-O-O 13. Ba3 Nc6 14. Rh3 Na5 15.
Bc1 Nb8 16. Rf3 Nc4 17. Qf4 Rdf8 18. a5 1/2-1/2

[Event "AUT-chT 1999/2000"]
[Site "Fürstenfeld"]
[Date "2000.01.16"]
[Round "8.2"]
[White "Volke, Karsten"]
[Black "Maiwald, Jens-Uwe"]
[Result "1/2-1/2"]
[WhiteElo "2463"]
[BlackElo "2507"]
[PlyCount "30"]
[EventDate "2000.01.16"]

1. d4 Nf6 2. c4 g6 3. Nc3 Bg7 4. e4 d6 5. Be2 O-O 6. Nf3 e5 7. d5 a5 8. Bg5 h6
9. Bh4 Na6 10. Nd2 Qe8 11. a3 Bd7 12. O-O a4 13. Nb5 Bxb5 14. cxb5 Nc5 15. f3
Nfd7 1/2-1/2

[Event "AUT-chT 1999/2000"]
[Site "Fürstenfeld"]
[Date "2000.01.16"]
[Round "8.3"]
[White "Gross, David"]
[Black "Horvath, Tamas"]
[Result "1-0"]
[WhiteElo "2427"]
[BlackElo "2394"]
[PlyCount "115"]
[EventDate "2000.01.16"]

1. e4 c5 2. Nf3 Nc6 3. Bb5 e6 4. Bxc6 bxc6 5. d3 Ne7 6. h4 h5 7. Qe2 Ng6 8. e5
f6 9. Qe4 f5 10. Qe2 Be7 11. Bg5 Bxg5 12. hxg5 Qa5+ 13. Kf1 c4 14. dxc4 Ba6 15.
b3 O-O-O 16. Qd2 Qxd2 17. Nbxd2 d6 18. exd6 Rxd6 19. g3 c5 20. Ke2 Bb7 21. Rhd1
h4 22. Nf1 Rxd1 23. Rxd1 hxg3 24. fxg3 Kc7 25. Ne3 Rh3 26. Kf2 f4 27. Nf1 e5
28. Ng1 Rh5 29. gxf4 exf4 30. Nf3 Bxf3 31. Kxf3 Rxg5 32. Rd5 Rxd5 33. cxd5 Kd6
34. Ke4 f3 35. c4 Ne5 36. Nd2 f2 37. Ke3 Ng4+ 38. Kf3 Nf6 39. Kxf2 Ke5 40. Ke3
Ng4+ 41. Kf3 Nf6 42. Nf1 Ne4 43. Kg4 a5 44. Nh2 Kd6 45. Nf3 g6 46. Kf4 Nc3 47.
Ng5 Nxd5+ 48. cxd5 Kxd5 49. Ke3 c4 50. bxc4+ Kxc4 51. Kd2 Kd4 52. Kc2 Kc4 53.
Nf3 Kb4 54. Kb2 a4 55. Kc2 Ka3 56. Kb1 Kb4 57. Kb2 Kb5 58. Kc3 1-0

[Event "AUT-chT 1999/2000"]
[Site "Fürstenfeld"]
[Date "2000.01.16"]
[Round "8.4"]
[White "Schwarz, Michael Dkfm."]
[Black "Proehl, Holger"]
[Result "1/2-1/2"]
[WhiteElo "2374"]
[BlackElo "2389"]
[PlyCount "24"]
[EventDate "2000.01.16"]

1. Nf3 Nf6 2. g3 c5 3. c4 Nc6 4. Bg2 g6 5. O-O Bg7 6. Nc3 O-O 7. d4 cxd4 8.
Nxd4 Nxd4 9. Qxd4 d6 10. Qd3 Nd7 11. b3 Nc5 12. Qd2 a5 1/2-1/2

[Event "AUT-chT 1999/2000"]
[Site "Fürstenfeld"]
[Date "2000.01.16"]
[Round "8.5"]
[White "Kleissl, Helmut"]
[Black "Danner, Georg"]
[Result "1/2-1/2"]
[WhiteElo "2279"]
[BlackElo "2407"]
[PlyCount "152"]
[EventDate "2000.01.16"]

1. c4 g6 2. Nc3 Bg7 3. d4 f5 4. g3 Nf6 5. Bg2 O-O 6. Nf3 c6 7. O-O d6 8. d5 Bd7
9. Re1 Na6 10. Nd4 Qb6 11. Nc2 Ng4 12. Rf1 Nc5 13. Bd2 a5 14. h3 Nf6 15. Rb1 a4
16. Be3 Qa5 17. Qd2 cxd5 18. Nxd5 Qxd2 19. Bxd2 Nxd5 20. Bxd5+ Be6 21. Bxe6+
Nxe6 22. Na3 Nd4 23. Rfe1 Rfc8 24. Bc3 Rc5 25. Kg2 Nc6 26. Bxg7 Kxg7 27. e4 Kf6
28. exf5 gxf5 29. Re3 Nb4 30. Rbe1 e5 31. Rd1 Ra6 32. Nb5 d5 33. a3 dxc4 34.
Nd6 Nc2 35. Rc3 Nd4 36. Rxc4 Rac6 37. Rxc5 Rxc5 38. Rd2 b5 39. g4 Rc6 40. Nxf5
Nxf5 41. gxf5 Kxf5 42. Rd5 Rb6 43. Kf3 b4 44. Rd8 bxa3 45. Rf8+ Ke6 46. bxa3
Rb3+ 47. Ke4 Rxh3 48. Re8+ Kf6 49. Rxe5 Rxa3 50. Ra5 Ra1 51. f4 a3 52. Ra6+ Ke7
53. Kf3 h5 54. Kg2 h4 55. Kh3 Kf7 56. f5 Ke7 57. Kh2 a2 58. f6+ Kf7 59. Ra7+
Kxf6 60. Ra5 Ke6 61. Ra6+ Kd5 62. Ra5+ Kc4 63. Ra8 Kb3 64. Rb8+ Ka4 65. Ra8+
Kb5 66. Ra7 Kb6 67. Ra8 Kb7 68. Ra3 h3 69. Ra4 Kb6 70. Ra3 Kb5 71. Ra8 Kb4 72.
Rb8+ Kc3 73. Rc8+ Kd2 74. Rd8+ Ke3 75. Re8+ Kf4 76. Rf8+ Kg4 1/2-1/2

[Event "AUT-chT 1999/2000"]
[Site "Fürstenfeld"]
[Date "2000.01.16"]
[Round "8.6"]
[White "Kotz, Heinz Peter"]
[Black "Schiestl, Josef"]
[Result "1-0"]
[WhiteElo "2260"]
[BlackElo "2204"]
[PlyCount "67"]
[EventDate "2000.01.16"]

1. e4 c5 2. Nf3 Nc6 3. d4 cxd4 4. Nxd4 e5 5. Nb5 d6 6. a4 Be7 7. N1c3 a6 8. Na3
Nf6 9. Be3 Be6 10. Nc4 O-O 11. Nb6 Rb8 12. Nbd5 Nd7 13. Bc4 Bg5 14. Qd2 Bxe3
15. Nxe3 Nf6 16. Bd3 Nd4 17. O-O b5 18. axb5 axb5 19. f4 Qb6 20. Kh1 b4 21. Ne2
Qb7 22. Ng3 Ra8 23. Rae1 Ra2 24. fxe5 dxe5 25. Rxf6 gxf6 26. Nh5 Rfa8 27. Nd5
Ra1 28. Nhxf6+ Kh8 29. h3 Rxe1+ 30. Qxe1 Bxd5 31. Qh4 Kg7 32. exd5 Qb6 33.
Qxh7+ Kf8 34. Nd7+ 1-0

[Event "AUT-chT 1999/2000"]
[Site "Fürstenfeld"]
[Date "2000.01.16"]
[Round "8.1"]
[White "Ribli, Zoltan"]
[Black "Chernin, Alexandere"]
[Result "1/2-1/2"]
[WhiteElo "2579"]
[BlackElo "2606"]
[PlyCount "21"]
[EventDate "2000.01.16"]

1. d4 d5 2. c4 c6 3. Nf3 Nf6 4. e3 Bf5 5. Bd3 Bxd3 6. Qxd3 e6 7. Nc3 Nbd7 8.
O-O Bb4 9. Bd2 a5 10. Rfd1 Qb6 11. b3 1/2-1/2

[Event "AUT-chT 1999/2000"]
[Site "Fürstenfeld"]
[Date "2000.01.16"]
[Round "8.2"]
[White "Stanec, Nikolaus"]
[Black "Weinzettl, Ernst"]
[Result "1-0"]
[WhiteElo "2495"]
[BlackElo "2401"]
[PlyCount "123"]
[EventDate "2000.01.16"]

1. c4 e6 2. Nf3 f5 3. g3 Nf6 4. Bg2 Be7 5. O-O O-O 6. Nc3 d6 7. d3 c6 8. e4 e5
9. c5 Na6 10. cxd6 Bxd6 11. exf5 Bxf5 12. d4 e4 13. Ng5 Qe7 14. Re1 Kh8 15.
Ngxe4 Nxe4 16. Nxe4 Bb4 17. Nc3 Qf7 18. Be3 Rad8 19. Qc1 Ba5 20. a3 Bb6 21. Rd1
Nc7 22. Na4 Nd5 23. Nxb6 axb6 24. Re1 Bg4 25. f4 Nxe3 26. Qxe3 Qd7 27. d5 cxd5
28. Qd4 Rfe8 29. Qxd5 Qa4 30. Rxe8+ Qxe8 31. Qe4 Qb5 32. Re1 h6 33. h3 Bd7 34.
Qd4 Re8 35. Rxe8+ Bxe8 36. Bxb7 Bc6 37. Bxc6 Qxc6 38. Qf2 b5 39. Kh2 Qe4 40.
Qg2 Qe3 41. Qc2 Qf3 42. b3 Kg8 43. a4 b4 44. a5 h5 45. h4 Qf1 46. Qc4+ Qxc4 47.
bxc4 b3 48. a6 b2 49. a7 b1=Q 50. a8=Q+ Kh7 51. Qg2 Qc1 52. Qe4+ Kh6 53. Qd3
Qb2+ 54. Kg1 Qc1+ 55. Kf2 Qb2+ 56. Kf3 Qb7+ 57. Qd5 Qb3+ 58. Ke4 Qb1+ 59. Ke5
Qe1+ 60. Kd6 Qb4+ 61. c5 Qb8+ 62. Kd7 1-0

[Event "AUT-chT 1999/2000"]
[Site "Fürstenfeld"]
[Date "2000.01.16"]
[Round "8.3"]
[White "Herzog, Adolf"]
[Black "Kindermann, Stefan"]
[Result "1/2-1/2"]
[WhiteElo "2399"]
[BlackElo "2532"]
[PlyCount "54"]
[EventDate "2000.01.16"]

1. e4 c5 2. Nc3 Nc6 3. Nge2 g6 4. g3 Bg7 5. Bg2 d6 6. O-O e6 7. d3 Nge7 8. Be3
Nd4 9. Qd2 O-O 10. Nd1 b6 11. c3 Nxe2+ 12. Qxe2 Bb7 13. d4 cxd4 14. Bxd4 e5 15.
Be3 d5 16. exd5 Bxd5 17. Bxd5 Qxd5 18. c4 Qc6 19. Nc3 h6 20. Rad1 Rad8 21. Rxd8
Rxd8 22. Rd1 Rd7 23. Rxd7 Qxd7 24. c5 bxc5 25. Bxc5 Nc6 26. Qb5 Qc8 27. Qd3 Qb7
1/2-1/2

[Event "AUT-chT 1999/2000"]
[Site "Fürstenfeld"]
[Date "2000.01.16"]
[Round "8.4"]
[White "Teske, Henrik"]
[Black "Staudner, Oliver"]
[Result "0-1"]
[WhiteElo "2514"]
[BlackElo "2368"]
[PlyCount "86"]
[EventDate "2000.01.16"]

1. d4 Nf6 2. Bg5 g6 3. Bxf6 exf6 4. g3 f5 5. c4 Bg7 6. Nc3 O-O 7. Rc1 d6 8. e3
Nd7 9. Bg2 Nf6 10. Nge2 Re8 11. O-O c6 12. b4 Ne4 13. a4 Bd7 14. Qd3 Qe7 15. b5
Rab8 16. Rb1 Nxc3 17. Nxc3 h5 18. a5 c5 19. Nd5 Qd8 20. b6 axb6 21. Rxb6 Bc6
22. Rfb1 Ra8 23. Qd2 h4 24. Rxc6 bxc6 25. Nb6 cxd4 26. exd4 hxg3 27. hxg3 Ra6
28. Bxc6 Re7 29. d5 f4 30. gxf4 Rea7 31. Re1 Qh4 32. Re8+ Kh7 33. Nc8 Qg4+ 34.
Kf1 Rxa5 35. Nxa7 Rxa7 36. Re3 Ra1+ 37. Re1 Ra3 38. Qd1 Qxf4 39. Qc1 Qf3 40.
Qg5 Bf6 41. Qg2 Qd3+ 42. Kg1 Qxc4 43. Qh2+ Kg7 0-1

[Event "AUT-chT 1999/2000"]
[Site "Fürstenfeld"]
[Date "2000.01.16"]
[Round "8.6"]
[White "Watzka, Horst"]
[Black "Plank, Franz"]
[Result "1/2-1/2"]
[WhiteElo "2361"]
[BlackElo "2264"]
[PlyCount "55"]
[EventDate "2000.01.16"]

1. e4 d5 2. exd5 Qxd5 3. Nc3 Qa5 4. d4 Nf6 5. Nf3 Ne4 6. Bd2 Nxd2 7. Nxd2 g6 8.
Nb3 Qb6 9. Bc4 Bg7 10. O-O O-O 11. Re1 Qd6 12. Ne4 Qd8 13. c3 Nd7 14. f4 Nb6
15. Be2 Nd5 16. Qd2 c6 17. Bf3 Qc7 18. g3 Bf5 19. Nf2 Rad8 20. Qe2 Rfe8 21.
Rad1 b6 22. a3 Bc8 23. Ne4 Nf6 24. Nbd2 Nxe4 25. Nxe4 Be6 26. Qg2 Bd5 27. Ng5
e6 28. Bxd5 1/2-1/2